000
00334pab a2200145 454500
008
180718b2002 xxu||||| |||| 00| 0 eng d
100
_a
Jencks, Christopher
245
_a
Does inequality matter?
260
_c
2002
300
_a
p.49-65
362
_a
Winter
650
_a
Income distribution
773
_a
Daedalus
909
_a
51200
999
_c
51200
_d
51200